000 01312nam a2200337Ia 4500
001 ebr10605563
003 CaPaEBR
006 m u
007 cr cn|||||||||
008 100813s2011 okua sb 001 0 eng d
010 _z 2010031823
020 _z159370187X
020 _z9781593701871
040 _aCaPaEBR
_cCaPaEBR
035 _a(OCoLC)812012289
050 1 4 _aTN870.57
_b.M33 2011eb
082 0 4 _a622/.338
_222
100 1 _aMcCain, William D.,
_d1933-
245 1 0 _aPetroleum reservoir fluid property correlations
_h[electronic resource] /
_cWilliam D. McCain, Jr., John P. Spivey, Christopher P. Lenn.
260 _aTulsa, Okla. :
_bPennWell Corp.,
_cc2011.
300 _ax, 219 p. :
_bill.
504 _aIncludes bibliographical references and index.
533 _aElectronic reproduction.
_bPalo Alto, Calif. :
_cebrary,
_d2011.
_nAvailable via World Wide Web.
_nAccess may be limited to ebrary affiliated libraries.
650 0 _aHydrocarbon reservoirs
_xFluid dynamics.
650 0 _aViscosity.
655 7 _aElectronic books.
_2local
700 1 _aSpivey, John Paul,
_d1955-
700 1 _aLenn, Christopher P.
710 2 _aebrary, Inc.
856 4 0 _uhttp://site.ebrary.com/lib/rucke/Doc?id=10605563
_zAn electronic book accessible through the World Wide Web; click to view
999 _c193566
_d193566